000 01079naa a22002777a 4500
001 BR6200186
003 BR-BrBNA
005 20240918173243.0
007 ta
008 230509b bl.||||| |||| 00| 0 por d
040 _aBR-BrBNA
_bpor
_cBiblioteca Nacional de Agricultura
041 _a(Pt)
072 _aE10; E15
090 _aE10 BR6200186
100 1 _aLeite, E.T. (ed.)
111 1 _a7. Conferencia da FAO para America Latina
_cRio de Janeiro, GB (Brazil)
_d17 Nov 1962
245 1 _aRegime de uso, posse da terra e reforma agraria
260 3 _aRio de Janeiro, GB (Brasil):
_c1962.
500 _aDocumentos basicos da delegacao brasileira a 7. Conferencia da FAO para America Latina Rio de Janeiro, GB (Brasil): 1962. p. 41-54 (BR6200186-AM)E10
650 _aREFORMA AGRARIA
650 _aUSO DA TERRA
650 _aPOSSE DE TERRA
773 0 _tDocumentos basicos da delegacao brasileira a 7. Conferencia da FAO para America Latina
_wE10 BR6200186
_gRio de Janeiro, GB (Brasil), 1962. p. 41-54
909 _a202404
_bLucia
_c55
_dLucia Elande
942 _cAM
_2AGRIS
999 _c303598
_d303598